000 01084cam a22002894a 4500
001 14275861
003 PILC
005 20150309081709.0
008 060224s2005 ph af 001 0aeng
010 _a 2005435026
020 _a9711011417
040 _aDLC
_cDLC
043 _aa-ph---
050 0 0 _aDS 686.616
_b.Y39 2005
100 1 _aYasay, Perfecto R.
245 1 0 _aOut of the lions' den :
_bthe travails and triumphs of a public servant /
_cPerfecto R. Yasay.
260 _aQuezon City, Philippines :
_bNew Day Publishers,
_cc2005.
300 _axxxi, 189 p., [8] pages of plates :
_billustrations ;
_c23 cm.
500 _aIncludes index.
600 1 0 _aYasay, Perfecto R.
610 1 0 _aPhilippines.
_bSecurities and Exchange Commission
_xOfficials and employees.
650 0 _aCivil service
_zPhilippines.
651 0 _aPhilippines
_xOfficials and employees
_vBiography.
906 _a7
_bcbc
_corignew
_d3
_encip
_f20
_gy-gencatlg
942 _2lcc
_cBK
999 _c283745
_d283745